[Event "RUS Rapid GP Serpukhov"]
[Site "Serpukhov RUS"]
[Date "2018.02.23"]
[Round "4.6"]
[White "Alekseev, Evgeny"]
[Black "Fakhrutdinov, Timur"]
[Result "1-0"]
[WhiteTitle "GM"]
[BlackTitle "FM"]
[WhiteElo "2616"]
[BlackElo "2429"]
[WhiteFideId "4138147"]
[BlackFideId "24176702"]
[EventDate "2018.02.23"]

1. Nf3 Nf6 2. c4 e6 3. Nc3 d5 4. e3 c5 5. cxd5 exd5 6. d4 Nc6 7. Bb5 cxd4 8.
Nxd4 Bd7 9. O-O Bd6 10. Nf3 Be6 11. b3 O-O 12. Bb2 a6 13. Bd3 Qc7 14. Ne2 Ne4
15. Rc1 Bg4 16. h3 Bxf3 17. gxf3 Ng5 18. Kg2 Qd7 19. Rh1 Rad8 20. Bb1 Bb8 21.
Nd4 Nxd4 22. Qxd4 Ne6 23. Qd3 f5 24. b4 Qf7 25. a3 d4 26. Qe2 Rfe8 27. Qc2 d3
28. Qd1 Qd7 29. Rc3 Qf7 30. Rxd3 Qh5 31. Ba2 Kh8 32. Bxe6 Rxd3 33. Qxd3 Qg6+ 34.
Kf1 Qxe6 35. f4 Qe4 36. Qxe4 Rxe4 37. Kg2 Re7 38. Rc1 Re8 39. Rd1 1-0

[Event "RUS Rapid GP Serpukhov"]
[Site "Serpukhov RUS"]
[Date "2018.02.23"]
[Round "4.7"]
[White "Sakun, Volodymyr"]
[Black "Pridorozhni, Aleksei"]
[Result "0-1"]
[WhiteTitle "FM"]
[BlackTitle "GM"]
[WhiteElo "2330"]
[BlackElo "2570"]
[WhiteFideId "14114062"]
[BlackFideId "4127870"]
[EventDate "2018.02.23"]

1. Nf3 c5 2. c4 Nc6 3. d4 cxd4 4. Nxd4 g6 5. e4 Bg7 6. Be3 Nf6 7. Nc3 O-O 8. Be2
d6 9. O-O Nxd4 10. Bxd4 Be6 11. Rc1 Qa5 12. f3 Rfc8 13. b3 Nd7 14. Bxg7 Kxg7 15.
Qd4+ f6 16. Rc2 Qc5 17. Rd1 Qxd4+ 18. Rxd4 a6 19. Kf2 Rc5 20. Rd1 Rac8 21. Na4
Rh5 22. h3 Ra5 23. Rdc1 Kf7 24. Nc3 Rac5 25. Ke3 g5 26. Nd5 f5 27. Kd2 Ne5 28.
Nb6 Rd8 29. exf5 Bxf5 30. Rc3 e6 31. Na4 Rc7 32. Nb2 Kf6 33. Ke3 h5 34. Bd3 h4
35. Bxf5 Kxf5 36. Nd3 Ng6 37. R3c2 Rdc8 38. b4 d5 39. c5 e5 40. a4 Ne7 41. b5
axb5 42. axb5 Ra8 43. Kf2 Ra3 44. Rd1 Rb3 45. b6 Rc8 46. Ke1 Ra8 47. Re2 Nc6 48.
Nxe5 Nxe5 49. Rxd5 Re8 50. Rd7 Nxd7 51. Rxe8 Nxc5 52. Rf8+ Ke5 53. Rg8 Ne6 0-1

[Event "RUS Rapid GP Serpukhov"]
[Site "Serpukhov RUS"]
[Date "2018.02.23"]
[Round "4.8"]
[White "Morozevich, Alexander"]
[Black "Kharchenko, Boris"]
[Result "1-0"]
[WhiteTitle "GM"]
[BlackTitle "GM"]
[WhiteElo "2665"]
[BlackElo "2464"]
[WhiteFideId "4116992"]
[BlackFideId "14113210"]
[EventDate "2018.02.23"]

1. e4 e5 2. Nf3 Nc6 3. Bb5 a6 4. Ba4 Nf6 5. d3 d6 6. c3 g6 7. Bg5 Bg7 8. Nbd2 h6
9. Bh4 Bd7 10. Nf1 O-O 11. Ne3 Qe8 12. O-O Kh8 13. Re1 Rc8 14. Nd2 Ng8 15. Nd5
f5 16. exf5 Bxf5 17. Ne4 Qf7 18. Ne3 Be6 19. Bxc6 bxc6 20. b4 Qd7 21. Qa4 Ra8
22. Nc4 c5 23. Qxd7 Bxd7 24. Na5 cxb4 25. cxb4 Bb5 26. Red1 d5 27. Nc5 Rf4 28.
Bg3 Rxb4 29. Ne6 e4 30. Nxg7 Kxg7 31. dxe4 Rxe4 32. Rac1 Re7 33. Rxd5 Rae8 34.
f3 Nf6 35. Rdc5 Kf7 36. Nb3 Re2 37. Rxc7+ R8e7 38. Bd6 Rd7 39. a3 Re6 40. Bb4
Re8 41. Rxd7+ Bxd7 42. Rc7 Kg8 43. Nc5 Bb5 44. Nxa6 Nd5 45. Rc5 Bxa6 46. Rxd5 1-0

[Event "RUS Rapid GP Serpukhov"]
[Site "Serpukhov RUS"]
[Date "2018.02.23"]
[Round "4.9"]
[White "Solozhenkin, Evgeniy"]
[Black "Kryakvin, Dmitry"]
[Result "0-1"]
[WhiteTitle "GM"]
[BlackTitle "GM"]
[WhiteElo "2433"]
[BlackElo "2567"]
[WhiteFideId "4102266"]
[BlackFideId "4153278"]
[EventDate "2018.02.23"]

1. e4 c5 2. Nf3 d6 3. d4 cxd4 4. Nxd4 Nf6 5. f3 Nc6 6. c4 e6 7. Nc3 Be7 8. Be2
O-O 9. Be3 d5 10. cxd5 exd5 11. Nxc6 bxc6 12. exd5 Nxd5 13. Nxd5 cxd5 14. O-O
Bf6 15. Bd4 Rb8 16. b3 Re8 17. Rf2 Rb4 18. Bxf6 Qxf6 19. Rc1 Be6 20. Bf1 h5 21.
a3 Rd4 22. Rd2 Rf4 23. Rc6 Qg5 24. Rd4 Qe5 25. Rxf4 Qxf4 26. Qc1 Qd4+ 27. Kh1
Bf5 28. h3 Qf2 29. Kh2 g6 30. Ba6 h4 31. Qf4 Re1 0-1

[Event "RUS Rapid GP Serpukhov"]
[Site "Serpukhov RUS"]
[Date "2018.02.23"]
[Round "4.10"]
[White "Nozdrachev, Vladislav"]
[Black "Bordovsky, Vladimir"]
[Result "1-0"]
[WhiteTitle "IM"]
[WhiteElo "2485"]
[BlackElo "2326"]
[WhiteFideId "24113441"]
[BlackFideId "14118467"]
[EventDate "2018.02.23"]

1. e4 d6 2. d4 Nf6 3. Nc3 Nbd7 4. Nge2 e5 5. g3 b5 6. Nxb5 Nxe4 7. Bg2 Bb7 8.
O-O a6 9. Nbc3 Nxc3 10. Nxc3 Bxg2 11. Kxg2 Be7 12. dxe5 Nxe5 13. Re1 O-O 14. Nd5
Bf6 15. Be3 Ng6 16. Bd4 Bxd4 17. Qxd4 c6 18. Ne3 f5 19. f4 Qf6 20. Rad1 Qxd4 21.
Rxd4 Rf6 22. Red1 Re8 23. Kf3 d5 24. c4 Rfe6 25. Nxf5 Rf6 26. g4 h5 27. h3 hxg4+
28. hxg4 Nf8 29. cxd5 cxd5 30. Rxd5 Ne6 31. g5 Rff8 32. Kg4 Nxf4 33. Rd7 Ne6 34.
Ne7+ Rxe7 35. Rxe7 Rf4+ 36. Kg3 Re4 37. g6 Kf8 38. Rf7+ Ke8 39. Rh1 1-0

[Event "RUS Rapid GP Serpukhov"]
[Site "Serpukhov RUS"]
[Date "2018.02.23"]
[Round "4.11"]
[White "Ponkratov, Pavel"]
[Black "Sorokin, Oleg"]
[Result "1-0"]
[WhiteTitle "GM"]
[WhiteElo "2605"]
[BlackElo "2099"]
[WhiteFideId "4157800"]
[BlackFideId "4198646"]
[EventDate "2018.02.23"]

1. d4 g6 2. e4 c6 3. Be3 d5 4. e5 c5 5. dxc5 Nc6 6. f4 Nh6 7. Nf3 Bg4 8. Nbd2
Nf5 9. Bf2 Bh6 10. g3 O-O 11. Be2 f6 12. exf6 Rxf6 13. h3 Bxf3 14. Nxf3 Re6 15.
Qd2 Bg7 16. O-O-O Qa5 17. Qxa5 Nxa5 18. Bd3 Rd8 19. g4 Nh6 20. Ng5 Rf6 21. Bd4
Nf7 22. Bxf6 Bxf6 23. Ne6 Rc8 24. g5 Bh8 25. h4 Rc6 26. Rde1 b6 27. Bb5 Rc8 28.
Bd7 Rb8 29. c6 Nd6 30. h5 Nac4 31. c3 b5 32. c7 Ra8 33. Bc6 Rc8 34. Bxd5 1-0

[Event "RUS Rapid GP Serpukhov"]
[Site "Serpukhov RUS"]
[Date "2018.02.23"]
[Round "4.12"]
[White "Dukhov, Alexander"]
[Black "Savchenko, Boris"]
[Result "0-1"]
[WhiteTitle "IM"]
[BlackTitle "GM"]
[WhiteElo "2374"]
[BlackElo "2550"]
[WhiteFideId "4116810"]
[BlackFideId "4147332"]
[EventDate "2018.02.23"]

1. d4 Nf6 2. Nf3 c5 3. d5 e6 4. c4 b5 5. Bg5 Qa5+ 6. Qd2 Qxd2+ 7. Nfxd2 bxc4 8.
Bxf6 gxf6 9. e4 Na6 10. a3 f5 11. Nc3 Rb8 12. O-O-O Nc7 13. Bxc4 Bg7 14. d6 Na8
15. exf5 Bb7 16. fxe6 fxe6 17. f3 Nb6 18. Bb3 O-O 19. Nde4 Bxe4 20. Nxe4 c4 21.
Bc2 Nd5 22. Ba4 Bxb2+ 23. Kd2 Bxa3 24. Rb1 Nb6 25. Bb5 Rf5 26. Ke2 Rc8 27. g4
Re5 28. Kf2 0-1

[Event "RUS Rapid GP Serpukhov"]
[Site "Serpukhov RUS"]
[Date "2018.02.23"]
[Round "4.13"]
[White "Frolyanov, Dmitry"]
[Black "Cherenkov, Andrey"]
[Result "1-0"]
[WhiteTitle "GM"]
[BlackTitle "FM"]
[WhiteElo "2567"]
[BlackElo "2177"]
[WhiteFideId "4151976"]
[BlackFideId "4185315"]
[EventDate "2018.02.23"]

1. e4 c6 2. d4 d5 3. exd5 cxd5 4. c4 Nf6 5. Nc3 g6 6. cxd5 Bg7 7. Bb5+ Nbd7 8.
d6 exd6 9. Qe2+ Qe7 10. Bf4 Qxe2+ 11. Bxe2 O-O 12. Bxd6 Re8 13. Nf3 Ne4 14. Bf4
Nf8 15. Be3 Nd6 16. Nb5 Nxb5 17. Bxb5 Rd8 18. O-O a6 19. Be2 Bg4 20. h3 Bxf3 21.
Bxf3 Bxd4 22. Bxd4 Rxd4 23. Bxb7 Rb8 24. Bxa6 Ra4 25. Bd3 Rxb2 26. a3 Ne6 27.
Rfb1 Rd2 28. Bb5 Rf4 29. f3 Nd4 30. a4 Rf5 31. Bf1 Rg5 32. a5 Nxf3+ 33. Kh1 Nd4
34. a6 Nc6 35. Rc1 Rd6 36. Rab1 Rf5 37. Rb6 Rff6 38. Kg1 Kg7 39. Bb5 Na7 40.
Rxd6 Rxd6 41. Be2 Rd7 42. Kf2 Kf6 43. Rb1 Ke7 44. Ke3 Kd8 45. Rb8+ Kc7 46. Rb7+
Kc6 47. Rxd7 Kxd7 48. Kd4 Kd6 49. Bf3 f6 50. h4 h6 51. Kc4 f5 52. g3 g5 53. h5
g4 54. Bg2 Ke5 55. Kc5 f4 56. gxf4+ Kxf4 57. Kb6 Kg3 58. Bb7 1-0

[Event "RUS Rapid GP Serpukhov"]
[Site "Serpukhov RUS"]
[Date "2018.02.23"]
[Round "4.14"]
[White "Popov, Ivan RUS"]
[Black "Bespalov, Konstantin"]
[Result "1-0"]
[WhiteTitle "GM"]
[WhiteElo "2608"]
[BlackElo "2258"]
[WhiteFideId "4170350"]
[BlackFideId "4142438"]
[EventDate "2018.02.23"]

1. e4 e5 2. Nf3 Nc6 3. Bc4 Bc5 4. O-O d6 5. c3 Bg4 6. h3 Bh5 7. g4 Bg6 8. d4 Bb6
9. Re1 h5 10. g5 h4 11. Bb5 Kf8 12. Bxc6 bxc6 13. dxe5 Qc8 14. Kg2 Bh5 15. exd6
cxd6 16. Qxd6+ Ne7 17. Ne5 Bc7 18. Qc5 Bb6 19. Qc4 f6 20. Nd3 Bf7 21. Qa4 Qd7
22. Be3 Rd8 23. Nc5 Qc8 24. Na3 Rh5 25. gxf6 gxf6 26. b4 Nf5 27. Rad1 Nxe3+ 28.
Rxe3 Rg5+ 29. Kf1 Rxd1+ 30. Qxd1 Bxc5 31. bxc5 Qa6+ 32. c4 Bxc4+ 33. Nxc4 Qxc4+
34. Qd3 Qxc5 35. Qd8+ Kg7 36. Rd3 Qc1+ 37. Ke2 Qc2+ 38. Kf3 Kg6 39. Qe8+ Kh6 40.
Qf8+ Kg6 41. Qg8+ Kh6 42. Qd8 Qb2 43. Qd4 Qxd4 44. Rxd4 Kg6 45. Rc4 Ra5 46. a4
c5 47. Kg4 f5+ 48. exf5+ Kf6 49. f4 a6 50. Re4 Kf7 51. Kg5 Kf8 52. Kg6 1-0

[Event "RUS Rapid GP Serpukhov"]
[Site "Serpukhov RUS"]
[Date "2018.02.23"]
[Round "4.15"]
[White "Sukhareva, Evgeniya"]
[Black "Iljiushenok, Ilia"]
[Result "0-1"]
[BlackTitle "IM"]
[WhiteElo "2224"]
[BlackElo "2528"]
[WhiteFideId "4167155"]
[BlackFideId "24105074"]
[EventDate "2018.02.23"]

1. d4 Nf6 2. c4 g6 3. Nc3 Bg7 4. e4 d6 5. h3 O-O 6. Be3 Na6 7. Nf3 e5 8. d5 Nh5
9. Nd2 Qe8 10. g4 Nf4 11. Qc2 Nb4 12. Qb1 f5 13. gxf5 gxf5 14. a3 Nbd3+ 15. Bxd3
Ng2+ 16. Kd1 f4 17. Bxa7 Bd7 18. Kc2 Rxa7 19. Be2 Ra8 20. Qg1 f3 21. Bxf3 Nf4
22. Bg4 c6 23. Bxd7 Qxd7 24. Qg4 Qc7 25. Rag1 Kh8 26. Rg3 Rf7 27. Rhg1 Qb6 28.
Rf3 Raf8 29. Kb1 Qd4 30. Kc2 b5 31. cxb5 cxd5 32. exd5 e4 33. Ndxe4 Nxd5 34.
Rxf7 Rxf7 35. Nxd5 Qxb2+ 36. Kd3 Qd4+ 37. Kc2 Qxd5 38. Qc8+ Rf8 39. Qc6 Qa2+ 40.
Kd1 Qb1+ 41. Qc1 Qxe4 42. Rg4 Qh1+ 43. Kd2 Rxf2+ 0-1

[Event "RUS Rapid GP Serpukhov"]
[Site "Serpukhov RUS"]
[Date "2018.02.23"]
[Round "4.16"]
[White "Evdokimov, Alexander A."]
[Black "Kabanova, Ekaterina"]
[Result "1-0"]
[WhiteTitle "GM"]
[BlackTitle "WFM"]
[WhiteElo "2502"]
[BlackElo "2202"]
[WhiteFideId "4139275"]
[BlackFideId "24112917"]
[EventDate "2018.02.23"]

1. d4 d5 2. c4 dxc4 3. Nf3 Nf6 4. e3 e6 5. Bxc4 a6 6. O-O b5 7. Be2 Bb7 8. a4 b4
9. Nbd2 Nbd7 10. Nc4 c5 11. Bd2 Be7 12. dxc5 Bxc5 13. Nd4 O-O 14. Nb3 Be7 15. a5
Bd5 16. Rc1 Rc8 17. f3 e5 18. e4 Be6 19. Be3 Nc5 20. Qxd8 Rfxd8 21. Nxc5 Bxc5
22. Kf2 Bxe3+ 23. Nxe3 g6 24. Rfd1 Rxd1 25. Rxc8+ Bxc8 26. Bxd1 Bb7 27. Nc2 Nd7
28. Nxb4 Nc5 29. Ke3 Kf8 30. Be2 Ke7 31. Bc4 f5 32. exf5 gxf5 33. f4 exf4+ 34.
Kxf4 Kf6 35. g3 Na4 36. Bxa6 Bxa6 37. Nxa6 Nxb2 38. Nc5 Nc4 39. a6 Nb6 40. a7
Na8 41. h3 Nc7 42. Nd7+ Kg6 1-0

[Event "RUS Rapid GP Serpukhov"]
[Site "Serpukhov RUS"]
[Date "2018.02.23"]
[Round "4.17"]
[White "Krylov, Mikhail RUS"]
[Black "Arkhipenko, Daniil"]
[Result "1/2-1/2"]
[WhiteTitle "GM"]
[WhiteElo "2476"]
[BlackElo "2143"]
[WhiteFideId "4151364"]
[BlackFideId "4191366"]
[EventDate "2018.02.23"]

1. c4 f5 2. d4 Nf6 3. g3 g6 4. Bg2 Bg7 5. Nc3 O-O 6. Nf3 d6 7. O-O Qe8 8. d5 a5
9. Nd4 Na6 10. b3 Nh5 11. e3 h6 12. Bb2 Kh7 13. Qd2 Bd7 14. f4 Nf6 15. e4 fxe4
16. Nxe4 Nxe4 17. Bxe4 Nc5 18. Bg2 a4 19. Bc3 axb3 20. axb3 Rxa1 21. Rxa1 Qf7
22. Ra3 Bf6 23. b4 Na4 24. Ba1 Nb6 25. Qd3 Ra8 26. Rxa8 Nxa8 27. h4 Kg8 28. c5
g5 29. Qa3 Qe8 30. hxg5 hxg5 31. fxg5 Bxg5 32. Ne6 Bxe6 33. dxe6 dxc5 34. bxc5
c6 35. Be5 Qf8 36. Qd3 Qh6 37. Bh3 Be3+ 38. Kg2 Bxc5 39. Bf5 Bd6 40. Bxd6 exd6
41. Qxd6 Qf6 42. Qb8+ Qf8 43. Bh7+ Kg7 44. Qxb7+ Kf6 45. Qxc6 Qd8 46. Qf3+ Kxe6
47. Bg8+ Kd6 48. Bb3 Nc7 49. g4 Qg5 50. Qd3+ Ke7 51. Qe4+ Kd6 52. Bc4 Qd2+ 53.
Kg3 Qg5 54. Qd4+ Ke7 55. Bd3 Ne6 56. Qb4+ Kf6 57. Bf5 Qe3+ 58. Kh2 Qf2+ 59. Kh1
Qf1+ 1/2-1/2

[Event "RUS Rapid GP Serpukhov"]
[Site "Serpukhov RUS"]
[Date "2018.02.23"]
[Round "4.18"]
[White "Lauda, Alexandr"]
[Black "Lavrov, Maxim1"]
[Result "0-1"]
[BlackTitle "IM"]
[WhiteElo "2008"]
[BlackElo "2384"]
[WhiteFideId "13903179"]
[BlackFideId "4166418"]
[EventDate "2018.02.23"]

1. e4 e5 2. Nf3 Nc6 3. Nc3 Nf6 4. d4 exd4 5. Nd5 Be7 6. Bf4 d6 7. Nxd4 Nxd5 8.
exd5 Nxd4 9. Qxd4 O-O 10. O-O-O Bf6 11. Qd2 Bf5 12. f3 c6 13. g4 Qb6 14. c4 Bg6
15. Bxd6 Rfc8 16. g5 Bd8 17. c5 cxd5 18. Qxd5 Qa5 19. Bh3 Qa4 20. Rd2 Ba5 21.
Bxc8 Bxd2+ 22. Kxd2 Qc2+ 23. Ke3 Rxc8 24. Qe5 Qa4 25. Kf2 Re8 26. Qc3 Qh4+ 27.
Bg3 Qxg5 28. h4 Qd5 29. a4 Bd3 30. Bf4 Qf5 31. Re1 Rxe1 32. Qxe1 Qxc5+ 33. Qe3
Qc2+ 34. Kg3 h6 35. Qe8+ Kh7 36. Qxf7 Bf1 37. Be5 Qg2+ 38. Kf4 Qh2+ 39. Kf5 Bd3+
40. Kg4 Qg2+ 41. Kf4 Qd2+ 42. Kg4 Qg2+ 43. Kf4 Qh2+ 44. Ke3 Qxe5+ 45. Kxd3 Qxb2
46. Qf5+ g6 47. Qd7+ Qg7 48. Qd5 h5 49. Ke2 Qe7+ 50. Kf1 b6 51. Qd4 Qc7 52. Kg2
a6 53. Qe4 b5 54. axb5 axb5 55. f4 Qd7 56. Kf2 Qf7 57. Qb4 Qf6 58. Kg3 Qf5 59.
Qe7+ Kh6 60. Kf3 Qg4+ 61. Ke3 Qg3+ 62. Ke2 Qxf4 63. Qd8 Qe5+ 64. Kf3 Qc3+ 65.
Kf4 Qc1+ 66. Kf3 Qf1+ 67. Ke3 Qe1+ 68. Kf3 Qc3+ 69. Kf4 Kh7 70. Qd7+ Qg7 71.
Qxb5 Qd4+ 72. Kf3 Qg4+ 73. Ke3 Qxh4 74. Qd7+ Kh6 75. Qe8 Qe1+ 0-1

[Event "RUS Rapid GP Serpukhov"]
[Site "Serpukhov RUS"]
[Date "2018.02.23"]
[Round "4.19"]
[White "Kholin, Aleksandr"]
[Black "Smirnova, Ekaterina"]
[Result "1/2-1/2"]
[WhiteTitle "FM"]
[BlackTitle "WFM"]
[WhiteElo "2410"]
[BlackElo "2102"]
[WhiteFideId "14179385"]
[BlackFideId "4110943"]
[EventDate "2018.02.23"]

1. d4 d5 2. Nf3 Nf6 3. Bf4 Bf5 4. e3 e6 5. Bd3 Bxd3 6. Qxd3 c6 7. O-O Be7 8. c4
O-O 9. Nc3 Nbd7 10. h3 Rc8 11. c5 b5 12. b4 a5 13. a3 Ra8 14. Qb1 axb4 15. axb4
Qc8 16. Qb2 Qb7 17. Rfd1 h6 18. Nd2 Rxa1 19. Rxa1 Ra8 20. Nb3 Rxa1+ 21. Qxa1 Ne4
22. Na5 Qa8 23. Nxe4 dxe4 24. Qb1 f5 25. f3 exf3 26. gxf3 Nf6 27. Be5 Bd8 28.
Bxf6 gxf6 29. Qa2 Kf7 30. Kg2 Bc7 31. Kf1 Ke7 32. e4 fxe4 33. fxe4 Bxa5 34. bxa5
Qa6 35. Kf2 b4 36. Ke3 b3 37. Qxb3 Qxa5 38. Qb7+ Kf8 39. Qc8+ Ke7 40. Qb7+ Kf8
41. Qxc6 Qc3+ 42. Ke2 Qc2+ 43. Ke1 1/2-1/2

[Event "RUS Rapid GP Serpukhov"]
[Site "Serpukhov RUS"]
[Date "2018.02.23"]
[Round "4.21"]
[White "Volovikov, Anton"]
[Black "Denisov, Vladislav"]
[Result "0-1"]
[WhiteTitle "FM"]
[WhiteElo "2271"]
[BlackElo "2227"]
[WhiteFideId "14120283"]
[BlackFideId "4100867"]
[EventDate "2018.02.23"]

1. e4 c6 2. d4 d5 3. Nc3 dxe4 4. Nxe4 Bf5 5. Ng3 Bg6 6. h4 h6 7. Nf3 Nd7 8. h5
Bh7 9. Bd3 Bxd3 10. Qxd3 e6 11. Bf4 Bb4+ 12. c3 Be7 13. O-O-O Ngf6 14. Ne4 Nxe4
15. Qxe4 Nf6 16. Qc2 Qd5 17. Be5 Qxa2 18. g4 a5 19. Rdg1 a4 20. g5 hxg5 21. Rxg5
Qd5 22. Rh3 a3 23. bxa3 Rxa3 24. Bxf6 Qc4 25. Bxe7 Rxc3 26. Bc5 0-1

[Event "RUS Rapid GP Serpukhov"]
[Site "Serpukhov RUS"]
[Date "2018.02.23"]
[Round "4.22"]
[White "Atarov, Evgeniy"]
[Black "Nozdrachev, Leonid"]
[Result "0-1"]
[BlackTitle "FM"]
[WhiteElo "2138"]
[BlackElo "2410"]
[WhiteFideId "4151143"]
[BlackFideId "24113433"]
[EventDate "2018.02.23"]

1. d4 Nf6 2. c4 e6 3. Nc3 Bb4 4. Qb3 c5 5. Nf3 Na6 6. dxc5 Bxc3+ 7. Qxc3 Nxc5 8.
e3 O-O 9. Be2 d5 10. cxd5 Nfe4 11. Qc2 Qxd5 12. O-O a5 13. Rd1 Qf5 14. Bf1 b6
15. Nd4 Qf6 16. f3 Nd6 17. b3 e5 18. Ne2 Bb7 19. Bb2 Nf5 20. Qc3 Rac8 21. Ng3
Nxg3 22. hxg3 Na4 23. Qxe5 Nxb2 24. Qxf6 gxf6 25. Rd2 Rc3 26. e4 Kg7 27. Rxb2
Rd8 28. Kf2 Kg6 29. g4 Kg5 30. Bc4 a4 31. Re1 a3 32. Rbe2 Kg6 33. Rh1 Bc6 34.
Rh5 Rd1 35. e5 b5 36. Bxf7+ Kxf7 37. exf6 Kxf6 38. Rxh7 Bd5 39. Ra7 b4 40. Ra6+
Rc6 41. Ra5 Be6 42. Rb5 Rd4 43. Ke3 Rcd6 44. Rc2 Bd7 45. Rbc5 Rd3+ 46. Ke2 Be6
47. Rb5 Bxb3 48. g5+ Kg6 49. axb3 Rxb3 50. f4 Ra6 51. Ra2 Rg3 52. Kf2 Rb3 53. g4
Rb1 54. Rd2 a2 55. Rc2 0-1

[Event "RUS Rapid GP Serpukhov"]
[Site "Serpukhov RUS"]
[Date "2018.02.23"]
[Round "5.1"]
[White "Kokarev, Dmitry"]
[Black "Bocharov, Dmitry"]
[Result "1/2-1/2"]
[WhiteTitle "GM"]
[BlackTitle "GM"]
[WhiteElo "2608"]
[BlackElo "2594"]
[WhiteFideId "4132181"]
[BlackFideId "4138716"]
[EventDate "2018.02.23"]

1. e4 d6 2. d4 Nf6 3. Nc3 g6 4. Be3 a6 5. h3 Bg7 6. f4 O-O 7. Qf3 e5 8. O-O-O
Qe7 9. dxe5 dxe5 10. f5 b5 11. g4 b4 12. Na4 Rd8 13. g5 Rxd1+ 14. Qxd1 Nh5 15.
f6 Qe8 16. Bc4 Bf8 17. b3 Nc6 18. Bd5 Be6 19. Ne2 Rd8 20. Qd3 Bxd5 21. exd5 Nd4
22. Nxd4 exd4 23. Qxd4 Ng3 24. Re1 Nf5 25. Qd3 Qb5 26. c4 bxc3 27. Qxb5 axb5 28.
Nxc3 b4 29. Na4 Rxd5 30. Bf4 Rd8 31. Nb2 h6 32. gxh6 Bxh6 33. Bxh6 Nxh6 34. Re4
c5 35. Na4 Rd3 36. h4 Nf5 37. Rc4 Ne3 38. Rxc5 Rd1+ 39. Kb2 Rd2+ 40. Kb1 Nd5 41.
Rc8+ Kh7 42. Rf8 Rf2 43. Rxf7+ Kh6 44. Rd7 Nxf6 45. Rd4 Rf1+ 46. Kc2 Rf2+ 47.
Kd3 Rxa2 48. Nc5 Rh2 49. Rxb4 Rh3+ 50. Ke2 Kh5 51. Ne6 Rxh4 52. Ng7+ Kg5 53.
Ne6+ Kh5 54. Ng7+ 1/2-1/2

[Event "RUS Rapid GP Serpukhov"]
[Site "Serpukhov RUS"]
[Date "2018.02.23"]
[Round "5.2"]
[White "Timofeev, Artyom"]
[Black "Rakhmanov, Aleksandr"]
[Result "1/2-1/2"]
[WhiteTitle "GM"]
[BlackTitle "GM"]
[WhiteElo "2569"]
[BlackElo "2655"]
[WhiteFideId "4140419"]
[BlackFideId "4173708"]
[EventDate "2018.02.23"]

1. c4 e6 2. Nc3 d5 3. d4 a6 4. cxd5 exd5 5. Bf4 c6 6. e3 Bd6 7. Bxd6 Qxd6 8. Bd3
Ne7 9. Qc2 Bg4 10. f3 Bh5 11. Nge2 Nd7 12. Qd2 Bg6 13. O-O 1/2-1/2

[Event "RUS Rapid GP Serpukhov"]
[Site "Serpukhov RUS"]
[Date "2018.02.23"]
[Round "5.3"]
[White "Grachev, Boris"]
[Black "Morozevich, Alexander"]
[Result "1-0"]
[WhiteTitle "GM"]
[BlackTitle "GM"]
[WhiteElo "2653"]
[BlackElo "2665"]
[WhiteFideId "4129199"]
[BlackFideId "4116992"]
[EventDate "2018.02.23"]

1. d4 Nf6 2. Nf3 c5 3. e3 cxd4 4. exd4 d5 5. c3 Nc6 6. Bd3 Bg4 7. Nbd2 e6 8. Nf1
Bd6 9. Ng3 O-O 10. O-O Nh5 11. h3 Nxg3 12. fxg3 Bh5 13. Bf4 Bg6 14. Bxg6 hxg6
15. Ng5 Be7 16. h4 Qb6 17. Qb3 Qa6 18. Rae1 Rac8 19. Rf2 b5 20. Nxe6 fxe6 21.
Rxe6 Rf6 22. Qxd5 Kh8 23. Rfe2 Rd8 24. Qxc6 Qxc6 25. Rxc6 Rxc6 26. Rxe7 b4 27.
Be5 Rg8 28. cxb4 Rc2 29. d5 g5 30. d6 Kh7 31. d7 1-0

[Event "RUS Rapid GP Serpukhov"]
[Site "Serpukhov RUS"]
[Date "2018.02.23"]
[Round "5.4"]
[White "Kryakvin, Dmitry"]
[Black "Alekseev, Evgeny"]
[Result "1/2-1/2"]
[WhiteTitle "GM"]
[BlackTitle "GM"]
[WhiteElo "2567"]
[BlackElo "2616"]
[WhiteFideId "4153278"]
[BlackFideId "4138147"]
[EventDate "2018.02.23"]

1. d4 e6 2. e4 d5 3. exd5 exd5 4. Nf3 Nc6 5. Bb5 Bd6 6. c4 dxc4 7. d5 a6 8. Ba4
b5 9. dxc6 bxa4 10. O-O Ne7 11. Qxa4 O-O 12. Nbd2 Rb8 13. Qxc4 Rb4 14. Qe2 Bf5
15. Re1 Nxc6 16. b3 Bd3 17. Qd1 Rb5 18. Nc4 Rd5 19. Nxd6 Qxd6 1/2-1/2

[Event "RUS Rapid GP Serpukhov"]
[Site "Serpukhov RUS"]
[Date "2018.02.23"]
[Round "5.5"]
[White "Pridorozhni, Aleksei"]
[Black "Volkov, Sergey"]
[Result "1-0"]
[WhiteTitle "GM"]
[BlackTitle "GM"]
[WhiteElo "2570"]
[BlackElo "2612"]
[WhiteFideId "4127870"]
[BlackFideId "4122763"]
[EventDate "2018.02.23"]

1. e4 e6 2. d4 d5 3. Nd2 Nf6 4. e5 Nfd7 5. Bd3 c5 6. c3 Nc6 7. Ne2 cxd4 8. cxd4
f6 9. exf6 Nxf6 10. O-O Bd6 11. Nf3 O-O 12. Bf4 Bxf4 13. Nxf4 Ne4 14. Qc1 Ng5
15. Nxg5 Qxg5 16. Ne2 Qf6 17. Qc5 Bd7 18. Rad1 Rac8 19. Qd6 Be8 20. Rd2 Bh5 21.
Ng3 Bg6 22. Bxg6 hxg6 23. Ne2 g5 24. h3 Rf7 25. Qg3 Ne7 26. f4 Rcf8 27. Rf3 Qg6
28. Qxg5 Qxg5 29. fxg5 Rxf3 30. gxf3 Rxf3 31. Rc2 Nc6 32. Rc3 Rf5 33. h4 e5 34.
dxe5 Rxe5 35. Kf2 Re4 36. Rb3 b6 37. Nc3 Re5 38. Rb5 d4 39. Rxe5 Nxe5 40. Nb5
Nd3+ 41. Ke2 Nxb2 42. Nxa7 g6 43. Nc6 Na4 44. Kd3 Nc3 45. Nb4 Kf7 46. Kxd4 Ne2+
47. Kd3 Nf4+ 48. Kc4 Ng2 49. Kb5 Nxh4 50. Kxb6 Nf3 51. a4 Nd2 52. Kb5 Nb3 53.
Nc6 Ke6 54. Kb4 Nd2 55. a5 Kd6 56. Kb5 Kc7 57. Ne7 Ne4 58. a6 Nd6+ 59. Ka5 Ne4
60. Nd5+ Kc6 61. Nb4+ Kc7 62. Nd3 Kc6 63. Ne5+ Kc7 64. Nf3 Kc6 65. Nd4+ Kc7 66.
Ne6+ Kc6 67. Nd8+ Kc7 68. a7 1-0

[Event "RUS Rapid GP Serpukhov"]
[Site "Serpukhov RUS"]
[Date "2018.02.23"]
[Round "5.6"]
[White "Savchenko, Boris"]
[Black "Nozdrachev, Vladislav"]
[Result "1/2-1/2"]
[WhiteTitle "GM"]
[BlackTitle "IM"]
[WhiteElo "2550"]
[BlackElo "2485"]
[WhiteFideId "4147332"]
[BlackFideId "24113441"]
[EventDate "2018.02.23"]

1. e4 e5 2. Nc3 Nf6 3. g3 Nc6 4. Bg2 Bc5 5. Nge2 d6 6. Na4 h5 7. d3 h4 8. h3
hxg3 9. fxg3 Be6 10. Bg5 Qd7 11. g4 O-O-O 12. Qd2 Bxg4 13. Bxf6 gxf6 14. Nxc5
dxc5 15. hxg4 Qxg4 16. Kf2 c4 17. Qe3 cxd3 18. cxd3 Rxh1 19. Rxh1 Kb8 20. a3 Qd7
21. Nc3 f5 22. Nd5 f4 23. Qh3 Qd6 24. b4 Nd4 25. Qh5 c6 26. Nc3 Nc2 27. Ne2 f6
28. d4 Nxa3 29. dxe5 fxe5 30. Qg5 Nc4 31. Rh7 Qd2 32. Bf3 Ka8 33. Qg7 Qxb4 34.
Rh8 Qb6+ 35. Kg2 a5 36. Rf8 Ka7 37. Rxd8 Qxd8 38. Qf7 Qd3 39. Qe7 Kb6 40. Kf2
Nd2 41. Ng1 Nxe4+ 42. Bxe4 Qxe4 43. Qd8+ Kb5 44. Qg8 Qe3+ 45. Kf1 a4 46. Qa2 a3
47. Qb1+ Ka6 48. Qc2 Ka7 49. Ne2 f3 50. Nc3 b5 51. Nxb5+ cxb5 52. Qc7+ Ka6 53.
Qb7+ Ka5 54. Qxb5+ Kxb5 1/2-1/2